| 000 | 00389cam a2200157ua 4500 | ||
|---|---|---|---|
| 041 |
_aeng _h |
||
| 082 |
_a621.8 _bTRE/ME |
||
| 100 | _aTrecoman, H F . | ||
| 245 |
_aMechanical Inspection / _cH F Trecoman. _hTextual Documents |
||
| 250 |
_a1 / _b. |
||
| 260 |
_aLondon : _bSir Isaac Pitman & Sons Ltd , _c1946. |
||
| 300 | _a164 ; . | ||
| 504 | _a | ||
| 942 | _cBK | ||
| 999 |
_c6688 _d6688 |
||